000 00857nam a2200265Ia 4500
003 OSt
005 20220930184530.0
006 a|||||r|||| 00| 0
007 ta
008 220926b |||||||| |||| 00| 0 eng d
020 _a9780262600675 (pbk)
_c1014
024 _a499
037 _b2996, 12/03/2008, Bharat Scientific Syndicate
_cTextbook
040 _aCRL
_cCRL
_beng
041 _2eng
_aeng
082 _aW:5, P6
100 _aJorgensen Rikke Frank Ed.
_9557121
245 0 _aHuman rights in the global information society
260 _aCambridge
_bThe MIT Press UK
_c2006
300 _ax,324p.
_ccm.
490 _aThe information revolution and global politics
650 _aPOLITICAL SCIENCE
942 _hW:5, P6
_cTB
_2CC
999 _c888688
_d888688